Ładuje się......

History Of Sindhi Literature

Opis bibliograficzny
1. autor: Ajwani L H
Format: Printed Book
Wydane: New Delhi; Sahitya Akademi; 1970
Hasła przedmiotowe:
LEADER 00490nam a22001337a 4500
082 |a C#  |b AJW/H L0 
100 |a  Ajwani L H  |9 300797 
245 |a History Of Sindhi Literature 
260 |a New Delhi;  |b Sahitya Akademi;  |c 1970 
300 |a 225p. 
650 |a Literary History; English Literature  |9 300798 
942 |c BK 
999 |c 61632  |d 61632 
952 |0 0  |1 0  |4 0  |6 820_900000000000000_AJW_H_L0  |7 0  |8 EngLiterHi  |9 73968  |a MAL  |b MAL  |d 2016-09-26  |e 13036  |g 6.00  |l 0  |o 820.9 AJW/H L0  |p MAL013036  |r 2016-09-26  |t 1  |w 2016-09-26  |y BK